| 000 | 00470nam a22001097a 4500 | ||
|---|---|---|---|
| 008 | 110614t xxu||||| |||| 00| 0 eng d | ||
| 010 | _aSCCAF34 | ||
| 245 | _aSupreme Court Civil Application No.04/1991 J.W.R. Kazzora vs M.L,S.Rukuba | ||
| 260 | _c1994 | ||
| 500 | _aCORAM:Oder, J.S.C., Oder ,JSC., Seation ,JSC | ||
| 500 | _aArising from the judgment and decree of the High Court of Uganda Mr.Justice J.P.M. Tabora dated 18/march,1991 in High Court Civil Suit No.320 of 1988 | ||
| 999 |
_c2865 _d2865 |
||